Impact of Tokenisation on Economics Demographics and Economics of Selected Crowdfunding Investments

Tento príspevok sa snaží nájsť dopad na demografiu fondov a ziskovosť pre iniciátora pri štrukturálnej zmene klasickej investície s minimálnou veľkosťou investície 1 euro. Výsledky neukazujú žiadny vplyv tokenzácie na štruktúru pohlavia investorov a len malý vplyv na vek investorov.

Salvato in:
Dettagli Bibliografici
Autore principale: Pirgmann, Michael
Natura: Capitolo di libro
Lingua:inglese
Soggetti:
Tags: Aggiungi Tag
Nessun Tag, puoi essere il primo ad aggiungerne!!

MARC

LEADER 00000naa a2200000 4500
001 0296403
005 20230927111358.7
041 0 |a eng 
044 |a CZ 
245 1 0 |a Impact of Tokenisation on Economics Demographics and Economics of Selected Crowdfunding Investments  |c Michael Pirgmann 
520 |a Tento príspevok sa snaží nájsť dopad na demografiu fondov a ziskovosť pre iniciátora pri štrukturálnej zmene klasickej investície s minimálnou veľkosťou investície 1 euro. Výsledky neukazujú žiadny vplyv tokenzácie na štruktúru pohlavia investorov a len malý vplyv na vek investorov. 
610 2 0 |a demografia ekonomická 
610 2 0 |a crowdfunding 
610 2 0 |a investície 
100 1 |a Pirgmann, Michael